Southville International School and Colleges
Your cart is empty.
  • Cart
  • Lists
    Public lists Eva Luna New books Lux_list list_1
    Your lists Log in to create your own lists
  • Log in to your account
  • Your cookies
  • Search history
Southville International School and Colleges
  • Advanced search
  • Recent comments
  • Most popular
  • Libraries

Log in to your account

Log in with GOOGLE


If you do not have an external account, but do have a local account, you can still log in:

  1. Home
  2. MARC view: Health care economics /
Normal view MARC view ISBD view

Health care economics / (Record no. 282503)

[ view plain ]
MARC details
000 -LEADER
fixed length control field 01443cam a22003614a 4500
001 - CONTROL NUMBER
control field 13572999
003 - CONTROL NUMBER IDENTIFIER
control field OSt
005 - DATE AND TIME OF LATEST TRANSACTION
control field 20150202095552.0
008 - FIXED-LENGTH DATA ELEMENTS--GENERAL INFORMATION
fixed length control field 040426s2005 at a b 001 0 eng
010 ## - LIBRARY OF CONGRESS CONTROL NUMBER
LC control number 2004049793
020 ## - INTERNATIONAL STANDARD BOOK NUMBER
International Standard Book Number 9812549943
040 ## - CATALOGING SOURCE
Original cataloging agency DLC
Transcribing agency DLC
Modifying agency DLC
042 ## - AUTHENTICATION CODE
Authentication code pcc
043 ## - GEOGRAPHIC AREA CODE
Geographic area code n-us---
050 00 - LIBRARY OF CONGRESS CALL NUMBER
Classification number RA 410
Item number .F312 2005
100 1# - MAIN ENTRY--PERSONAL NAME
Personal name Feldstein, Paul J.
9 (RLIN) 9636
245 10 - TITLE STATEMENT
Title Health care economics /
Statement of responsibility, etc Paul J. Feldstein
246 3# - VARYING FORM OF TITLE
Title proper/short title Health care economics
250 ## - EDITION STATEMENT
Edition statement 6th ed.
260 ## - PUBLICATION, DISTRIBUTION, ETC. (IMPRINT)
Place of publication, distribution, etc Australia :
-- Clifton Park, N.Y. :
Name of publisher, distributor, etc Thomson Delmar Learning,
Date of publication, distribution, etc c2005.
300 ## - PHYSICAL DESCRIPTION
Extent 541 pages :
Other physical details illustrations ;
Dimensions 24 cm.
440 #0 - SERIES STATEMENT/ADDED ENTRY--TITLE
Title Thomson Delmar Learning series in health services administration
9 (RLIN) 9637
500 ## - GENERAL NOTE
General note Includes bibliographical references and index.
650 #0 - SUBJECT ADDED ENTRY--TOPICAL TERM
Topical term or geographic name as entry element Medical economics.
9 (RLIN) 9638
650 #0 - SUBJECT ADDED ENTRY--TOPICAL TERM
Topical term or geographic name as entry element Medical economics
Geographic subdivision United States.
9 (RLIN) 9639
856 42 - ELECTRONIC LOCATION AND ACCESS
Materials specified Publisher description
Uniform Resource Identifier <a href="http://www.loc.gov/catdir/enhancements/fy1103/2004049793-d.html">http://www.loc.gov/catdir/enhancements/fy1103/2004049793-d.html</a>
856 41 - ELECTRONIC LOCATION AND ACCESS
Materials specified Table of contents only
Uniform Resource Identifier <a href="http://www.loc.gov/catdir/enhancements/fy1103/2004049793-t.html">http://www.loc.gov/catdir/enhancements/fy1103/2004049793-t.html</a>
856 42 - ELECTRONIC LOCATION AND ACCESS
Materials specified Contributor biographical information
Uniform Resource Identifier <a href="http://www.loc.gov/catdir/enhancements/fy1103/2004049793-b.html">http://www.loc.gov/catdir/enhancements/fy1103/2004049793-b.html</a>
906 ## - LOCAL DATA ELEMENT F, LDF (RLIN)
a 7
b cbc
c orignew
d 1
e ocip
f 20
g y-gencatlg
942 ## - ADDED ENTRY ELEMENTS (KOHA)
Source of classification or shelving scheme Library of Congress Classification
Koha item type Books
Call number prefix Foreign
Holdings
Withdrawn status Lost status Source of classification or shelving scheme Damaged status Home library Current library Shelving location Date acquired Source of acquisition Sub Shelving location Total Checkouts Full call number Barcode Date last seen Price effective from Koha item type
    Library of Congress Classification   College Library College Library General Circulation Section 02/02/2015 Library Fund     RA 410 .F312 2005 C6517 05/15/2018 02/02/2015 Books

Health care economics /

APA

Feldstein P. J., . (2005). Health care economics. Australia: Thomson Delmar Learning.

Chicago

Feldstein Paul J, . 2005. Health care economics. Australia: Thomson Delmar Learning.

Harvard

Feldstein P. J., . (2005). Health care economics. Australia: Thomson Delmar Learning.

MLA

Feldstein Paul J, . Health care economics. Australia: Thomson Delmar Learning. 2005.

  • Place hold
  • Print
  • Cite
  • Add to your cart (remove)
  • Save record
    BIBTEX Dublin Core MARCXML MARC (non-Unicode/MARC-8) MARC (Unicode/UTF-8) MARC (Unicode/UTF-8, Standard) MODS (XML) RIS
  • More searches
    Search for this title in:
    Other Libraries (WorldCat) Other Databases (Google Scholar) Online Stores (Bookfinder.com) Open Library (openlibrary.org)

Exporting to Dublin Core...

SOUTHVILLE LIBRARY

Southville International School and Colleges Library

1281 Tropical Ave. Cor. Luxembourg St., BF Homes International, Las Pinas City

Tel. No. 8256374 / 252358 Loc. 117/146

Powered by Koha